000 00337nam a2200133 i 4500
001 bg
100 1 _aMASZKIEWICZ, T.
245 0 _aWybrane terminy z zakresu architektury i budowictwa /
_cT. Maszkieiwcz.
260 _aZielona Góra,
_c1983.
040 _cBPK
041 _apol
942 _cKS
008 s pl f |000 0 pol
999 _c2580
_d2580
856 _uhttp://koha.tu.koszalin.pl/cgi-bin/koha/opac-detail.pl?biblionumber=2580
_yKatalog online BPK